Connections: find sets of four (vol. 2) - Statistics

General Stats
  • This quiz has been taken 95 times
  • The average score is 25 of 45
Answer Stats
Question Tile Select % Correct
Pick the four items which go together. Quiet Yes
94%
Pick the four items which go together. Brother No
93%
Pick the four items which go together. Secretive Yes
93%
Pick the four items which go together. Silent Yes
92%
Pick the four items which go together. Purple No
89%
Pick the four items which go together. Degenerate No
87%
Pick the four items which go together. Thirsty No
86%
Pick the four items which go together. Worthless No
86%
Pick the four items which go together. Rotten Yes
83%
Pick the four items which go together. Miserable No
82%
Pick the four items which go together. Putrid Yes
77%
Pick the four items which go together. Vile Yes
77%
Pick the four items which go together. False No
76%
Pick the four items which go together. Centred No
75%
Pick the four items which go together. Nauseating Yes
75%
Pick the four items which go together. Grim No
73%
Pick the four items which go together. Gasped No
70%
Pick the four items which go together. Caught Yes
69%
Pick the four items which go together. Horrendous No
67%
Pick the four items which go together. Astonish No
61%
Pick the four items which go together. Got Yes
54%
Pick the four items which go together. Bowled No
53%
Pick the four items which go together. Didactic No
53%
Pick the four items which go together. Abnegate No
52%
Pick the four items which go together. Sycophantic Yes
51%
Pick the four items which go together. Floored No
49%
Pick the four items which go together. Demagogue No
47%
Pick the four items which go together. Torpedo No
47%
Pick the four items which go together. Ascetic No
46%
Pick the four items which go together. Longshoreman No
46%
Pick the four items which go together. Contracted Yes
45%
Pick the four items which go together. Obsequious Yes
45%
Pick the four items which go together. Mum Yes
42%
Pick the four items which go together. Developed Yes
41%
Pick the four items which go together. Servile Yes
41%
Pick the four items which go together. Stumped No
39%
Pick the four items which go together. Sanctimonious No
31%
Pick the four items which go together. Ingratiating Yes
29%
Pick the four items which go together. Funnel Yes
23%
Pick the four items which go together. Harbour No
23%
Pick the four items which go together. Ship No
22%
Pick the four items which go together. Wheel Yes
22%
Pick the four items which go together. Buoy No
19%
Pick the four items which go together. Buffer Yes
18%
Pick the four items which go together. Bogie Yes
7%
No matching quizzes found
Score Distribution
Percent of People with Each Score
Percentile by Number Answered
Your Score History
You have not taken this quiz